00771nam a2200229Ia 4500003000900000008004100009040001300050040001300063041000800076100002300084245014000107250001200247260001400259260000900273300001100282300001000293490002300303490000800326942000700334999001700341952018300358IT-RoPAU120407s9999 xx 000 0 und d aIT-RoPAU cIT-RoPAU aita aAdrienne von Speyr a"S. Giovanni. Esposizione contemplativa del suo Vangelo. I discorsi polemici. Riflessione sui capitoli 6-12 dal Vangelo di S. Giovanni" aMilano  aJaca Book c1989 a369 p. c23 cm aGià e non ancora v169 cBK c33532d33532 00102ddc406226_10220000000000071aPAULUSbPAULUSd2012-04-11l0o226.1022r2012-04-11 00:00:00w2012-04-11yBKzInserito da: In data: n.d. fondo: Via A.Severo 56 Progr:31450